Bài tập và bài giải kế toán ngân hàng

Tập hợp các dạng câu hỏi, bài tập, các tình huống và một số đề thi về nghiệp vụ kế toán ngân hàng như: Huy động vốn, ngoại tệ, tài sản cố định, đầu tư dài hạn, góp vốn...

Gespeichert in:
Bibliographische Detailangaben
1. Verfasser: Nguyễn, Thị Loan
Weitere Verfasser: Trường Đại học ngân hàng Tp.Hồ Chí Minh
Format: Buch
Sprache:Undetermined
Veröffentlicht: H. Phương Đông 2011
Schlagworte:
Online Zugang:http://lrc.tdmu.edu.vn/opac/search/detail.asp?aID=2&ID=17042
Tags: Tag hinzufügen
Keine Tags, Fügen Sie den ersten Tag hinzu!
Thư viện lưu trữ: Trung tâm Học liệu Trường Đại học Thủ Dầu Một
LEADER 01055nam a2200217Ia 4500
001 TDMU_17042
008 210410s9999 xx 000 0 und d
082 |a 657.833 076 
090 |b NG527 
100 |a Nguyễn, Thị Loan 
245 0 |a Bài tập và bài giải kế toán ngân hàng 
245 0 |c Nguyễn Thị Loan, Lâm Thị Hồng Hoa (ch.b) 
260 |a H. 
260 |b Phương Đông 
260 |c 2011 
300 |a 258tr. 
520 |a Tập hợp các dạng câu hỏi, bài tập, các tình huống và một số đề thi về nghiệp vụ kế toán ngân hàng như: Huy động vốn, ngoại tệ, tài sản cố định, đầu tư dài hạn, góp vốn... 
650 |a Kế toán ngân hàng  |v Bài tập và bài giải 
700 |a Trường Đại học ngân hàng Tp.Hồ Chí Minh 
856 |u http://lrc.tdmu.edu.vn/opac/search/detail.asp?aID=2&ID=17042 
980 |a Trung tâm Học liệu Trường Đại học Thủ Dầu Một